Bannìa Si Vìnniri

Guardat en:
Dades bibliogràfiques
Autor principal: Walter Ignazio Preitano
Format: Llibre
Idioma:idioma desconegut
Publicat: Il Gabbiano
Etiquetes: Afegir etiqueta
Sense etiquetes, Sigues el primer a etiquetar aquest registre!

MARC

LEADER 00000nam a2200000Ia 4500
001 R-2010
003 CODICE-MESSINA
005 20260212112548.0
008 260211s9999 xx 000 0 und d
040 |c importazione_messina 
100 |a Walter Ignazio Preitano 
245 0 |a Bannìa Si Vìnniri 
260 |b Il Gabbiano 
942 |2 ddc  |c BK 
952 |0 0  |1 0  |2 ddc  |4 0  |6 SCAFFALE_21_000000000000000__STANZA_2__ROMANZO  |7 0  |9 32851  |a ME  |b ME  |d 2026-02-11  |l 0  |o SCAFFALE 21 - STANZA 2 - ROMANZO  |p R-2010  |r 2026-02-11 23:53:26  |w 2026-02-11  |x [REVISIONARE]  |y BK 
999 |c 28518  |d 28518